[Event "Muensterland Verbandsklasse 1516"]
[Site "Germany"]
[Date "2016.04.30"]
[Round "8.7"]
[White "Emming, Benedikt"]
[Black "Steens, Rudolf"]
[Result "1/2-1/2"]
[WhiteElo "1726"]
[BlackElo "1744"]
[PlyCount "105"]
[EventDate "2015.09.19"]
[EventType "team"]
[EventRounds "9"]
[EventCountry "GER"]
[SourceTitle "EXT 2017"]
[Source "ChessBase"]
[SourceDate "2016.10.25"]
[SourceVersion "1"]
[SourceVersionDate "2016.10.25"]
[SourceQuality "1"]
[WhiteTeam "Suedlohn II"]
[BlackTeam "Nordwalde"]
[WhiteTeamCountry "GER"]
[BlackTeamCountry "GER"]

1. e4 e6 2. Qe2 Be7 3. Nf3 Nf6 4. Nc3 d5 5. e5 Nfd7 6. d3 c5 7. g3 Nc6 8. Bg2 a6 9. 0-0 b5 10. b3 Qc7 11. Bf4 h6 12. h4 Bb7 13. Nd1 g5 14. hxg5 hxg5 15. Nxg5 Bxg5 16. Bxg5 Qxe5 17. Qxe5 Ncxe5 18. Re1 Rg8 19. f4 Nc6 20. Bxd5 Nd8 21. Bxb7 Nxb7 22. Nc3 Nd6 23. Kf2 b4 24. Nd5 Ra7 25. c3 bxc3 26. Nxc3 Nb6 27. Rac1 Kd7 28. Ne4 Nxe4+ 29. dxe4 Rc8 30. Bf6 Kc6 31. g4 Nd7 32. Bd4 Rac7 33. Rc2 Kb7 34. Be3 Nf6 35. Kf3 Rh8 36. g5 Nd7 37. Rec1 Rhc8 38. Rc4 Rc6 39. Rh1 Nb6 40. Rc2 a5 41. Rh7 R8c7 42. g6 fxg6 43. Rxc7+ Kxc7 44. Rxc5 Rxc5 45. Bxc5 Nd7 46. Be7 Nb8 47. Kg4 Kd7 48. Bf6 Ke8 49. Kf3 Nc6 50. Ke2 Kf7 51. Bc3 Ke7 52. Bb2 Kd7 53. Ke3 1/2-1/2

[Event "Muensterland Verbandsklasse-B 0607"]
[Site "Germany"]
[Date "2007.04.21"]
[Round "8.4"]
[White "Emming, Benedikt"]
[Black "Wetterau, Georg"]
[Result "0-1"]
[WhiteElo "1772"]
[BlackElo "1859"]
[PlyCount "108"]
[EventDate "2006.09.23"]
[EventType "team"]
[EventRounds "9"]
[EventCountry "GER"]
[SourceTitle "EXT 2008"]
[Source "ChessBase"]
[SourceDate "2007.11.25"]
[SourceVersion "1"]
[SourceVersionDate "2007.11.25"]
[SourceQuality "1"]
[WhiteTeam "Suedlohn II"]
[BlackTeam "Nordwalde"]
[WhiteTeamCountry "GER"]
[BlackTeamCountry "GER"]

1. e4 e5 2. Nf3 Nc6 3. Bb5 a6 4. Ba4 Nf6 5. 0-0 Be7 6. c3 Nxe4 7. Re1 Nc5 8. Bxc6 dxc6 9. Nxe5 Nd3 10. Qf3 Nxe5 11. Rxe5 0-0 12. d4 Bd6 13. Re1 Qh4 14. g3 Qh3 15. Qg2 Qh5 16. Be3 Bh3 17. Qh1 f5 18. f4 g5 19. Nd2 gxf4 20. Bxf4 Bxf4 21. gxf4 Rf6 22. Qf3 Rg6+ 23. Kf2 Rg2+ 24. Qxg2+ Bxg2 25. Kxg2 Qg4+ 26. Kf2 Qh4+ 27. Kg2 Kh8 28. Nf3 Qxf4 29. Re7 Rg8+ 30. Kf2 c5 31. Rae1 cxd4 32. Rd7 Qg4 33. Ree7 Qg2+ 34. Ke1 Qh1+ 35. Ke2 Rg2+ 36. Kd3 Qf1+ 37. Kxd4 Rg4+ 38. Ke3 Re4+ 39. Rxe4 fxe4 40. Kxe4 Qe2+ 41. Kf4 Qxb2 42. Rxc7 Qb6 43. Rf7 Qh6+ 44. Ng5 Qxh2+ 45. Kf5 Qf2+ 46. Ke5 Qc5+ 47. Kf4 Qd6+ 48. Kf5 Qg6+ 49. Kf4 Qd6+ 50. Kf5 Qg6+ 51. Kf4 h6 52. Rf8+ Kg7 53. Rf7+ Kg8 54. Rf5 Qd6+ 0-1

[Event "Muensterland Verbandsklasse-B 0506"]
[Site "Germany"]
[Date "2005.11.05"]
[Round "2.6"]
[White "Emming, Benedikt"]
[Black "Langer, Ralf"]
[Result "0-1"]
[WhiteElo "1746"]
[BlackElo "1693"]
[PlyCount "72"]
[EventDate "2005.09.03"]
[EventType "team"]
[EventRounds "9"]
[EventCountry "GER"]
[SourceTitle "EXT 2006"]
[Source "ChessBase"]
[SourceDate "2005.11.24"]
[SourceVersion "1"]
[SourceVersionDate "2005.11.24"]
[SourceQuality "1"]
[WhiteTeam "Suedlohn II"]
[BlackTeam "Westerkappeln"]
[WhiteTeamCountry "GER"]
[BlackTeamCountry "GER"]

1. e4 c6 2. d4 d5 3. Nc3 dxe4 4. Nxe4 Bf5 5. Ng3 Bg6 6. Nf3 Nd7 7. Bd3 Qc7 8. 0-0 Ngf6 9. c3 e6 10. Re1 Be7 11. Bg5 Bxd3 12. Qxd3 h6 13. Bd2 0-0-0 14. Qe2 g5 15. c4 Bd6 16. Bc3 Bxg3 17. hxg3 Rdg8 18. d5 exd5 19. cxd5 Re8 20. Qd2 Rxe1+ 21. Rxe1 Re8 22. Rxe8+ Nxe8 23. dxc6 Qxc6 24. Qe3 Nb6 25. Ne5 Qd5 26. Nc4 Nxc4 27. Qxe8+ Kc7 28. Qe7+ Kc8 29. Qf8+ Kd7 30. Qxh6 Ne5 31. Qh5 f6 32. Qe2 Qxa2 33. Qb5+ Ke6 34. Qxb7 Qb1+ 35. Kh2 Ng4+ 36. Kh3 Nxf2+ 0-1